000 00551cam a22001457a 4500
008 180718b1992 xxu||||| |||| 00| 0 eng d
082 _aR6:T212x54 In2P
245 _aReport on the working and living conditions of workers in the powerloom industry in India (1988)
_cby Labour Bureau, Ministry of Labour
260 _aDelhi
_bThe Controller of Publications
_c1992
300 _a133+p.
440 _aUnorganised Sector Survey Series No. 18
650 _aWork environment - India
650 _aLooms
700 _aIndia. Ministry of Labour. Labour Bureau
999 _c475495
_d475495